000 00757nam a22002537a 4500
005 20170123162306.0
010 _aB-209425
020 _c00.00
035 _aB-209425
037 _bCen Lib/Ret
040 _aDPL
_bUR
082 _aن
_bا م ر
100 _aامرتا پریتم
_9433
245 _aانچاس دن /
_cامرتا پریتم
246 _aUnchaas din /
_bby Amrita Pritam
260 _aنیی دہلی
_bتناظر
270 _bنیی دہلی
_a24-D, پککٹ ٣ میر وہر فیز-١
_e110011
300 _a182p.
_c21cm(pbk)
650 _aاردو ادب
_9109855
650 _aاردو ناول
_9547
650 _aUrdu literature
_9109856
650 _aUrdu novel
_9109857
942 _2ddc
_cUR
_hن
_mا م ر
999 _c106286
_d106286